| 000 | 00556nam a2200157 i 4500 | ||
|---|---|---|---|
| 001 | bg | ||
| 245 | 0 |
_aArchitektura 10-letniej powszechnej szkoły średniej : _bkonferencja naukowa, Wrocław, 24-25.11.1978. |
|
| 260 |
_aWrocław, _c1978. |
||
| 490 | 1 |
_aPrace Naukowe Instytutu Architektury i Urbanistyki Politechniki Wrocławskiej ; _v13 |
|
| 830 | _aPrace Naukowe Instytutu Architektury i Urbanistyki Politechniki Wrocławskiej ; | ||
| 040 | _cBPK | ||
| 041 | _apol | ||
| 080 | _a727:371.6 | ||
| 942 | _cKS | ||
| 008 | s pl f |000 0 pol | ||
| 999 |
_c18355 _d18355 |
||
| 856 |
_uhttp://koha.tu.koszalin.pl/cgi-bin/koha/opac-detail.pl?biblionumber=18355 _yKatalog online BPK |
||